Lucie Geffré (Record no. 183632)

MARC details
000 -LEADER
campo de control de longitud fija 00923nam a2200253 i 4500
001 - NÚMERO DE CONTROL
campo de control 183632
003 - IDENTIFICADOR DE NÚMERO DE CONTROL
campo de control ES-MaACL
005 - FECHA Y HORA DE LA ÚLTIMA TRANSACCIÓN
campo de control 20251004063225.0
008 - DATOS DE LONGITUD FIJA--INFORMACIÓN GENERAL
campo de control de longitud fija 140910s2013 sp af |||| |dspa d
020 ## - NÚMERO INTERNACIONAL ESTÁNDAR DEL LIBRO
Número Internacional Estándar del Libro 8461658191
080 ## - NÚMERO DE LA CLASIFICACIÓN DECIMAL UNIVERSAL
Número de la Clasificación Decimal Universal 759.07
100 1# - ENTRADA PRINCIPAL--NOMBRE DE PERSONA
Nombre de persona Geffré, Lucie,
Fechas asociadas al nombre 1976-
9 (RLIN) 155442
245 10 - MENCIÓN DEL TÍTULO
Título Lucie Geffré
Resto del título : portraits 2003-2013 : Casa de Velázquez, Académie de France à Madrid.
250 ## - MENCION DE EDICION
Mención de edición 1ª ed.
Resto de la mención de edición sept. 2013.
260 ## - PUBLICACIÓN, DISTRIBUCIÓN, ETC.
Lugar de publicación, distribución, etc. [Madrid :
Nombre del editor, distribuidor, etc. Casa de Velázquez],
Fecha de publicación, distribución, etc. 2013 (
Fabricante Ind. Gráf. Interco)
300 ## - DESCRIPCIÓN FÍSICA
Extensión 90 p. :
Otras características físicas principalmente il. col. ;
Dimensiones 28 cm.
600 17 - PUNTO DE ACCESO ADICIONAL DE MATERIA--NOMBRE DE PERSONA
Nombre de persona Geffré, Lucie,
Fechas asociadas al nombre 1976-
Fuente del encabezamiento o término
9 (RLIN) 155442
650 #4 - PUNTO DE ACCESO ADICIONAL DE MATERIA--TÉRMINO DE MATERIA
Término de materia o nombre geográfico como elemento de entrada Pintura de retrato-
Subdivisión cronológica S.XX-
Subdivisión de forma Exposiciones.
9 (RLIN) 16032
655 #7 - TERMINO DE INDIZACIÓN--GENERO/FORMA
Fuente del término tgfbne
9 (RLIN) 193628
Datos o término principal de género/forma Catálogos de exposiciones
710 2# - ENTRADA AGREGADA--NOMBRE DE ENTIDAD CORPORATIVA
Nombre de entidad corporativa o nombre de jurisdicción como elemento de entrada Casa de Velázquez.
9 (RLIN) 2477
852 ## - LOCALIZACIÓN
Ubicación ES-MaACL
Número de control de estantería A-13236
itemnumber 190578
Sublocalización o colección R.150013
Ubicación en estantería Depósito 1
Signatura antigua Olim: N-6236
942 ## - ELEMENTOS DE ENTRADA SECUNDARIOS (KOHA)
Fuente del sistema de clasificación o colocación Clasificación decimal universal
Tipo de ítem Koha Libro impreso
Holdings
Estatus retirado Estado de pérdida Fuente del sistema de clasificación o colocación Estado de daño No para préstamo Biblioteca de origen Biblioteca actual Ubicación en estantería Fecha de adquisición Fuente de adquisición Total de préstamos Signatura topográfica completa Código de barras Visto por última vez Precio de reemplazo Tipo de ítem Koha
    Clasificación decimal universal     Biblioteca del Ateneo de Madrid Biblioteca del Ateneo de Madrid Depósito 1 10/09/2014 Donación   A-13236 1193044 23/02/2023 23/02/2023 Libro impreso